Roman-numeral Words Quiz Stats

Quiz not verified by Sporcle

Also try: Conjoined Letters
Challenge
Share
Tweet
Embed
Score 0/29 Timer 03:00
0 Plays Today
Formula Word % Correct
1000 • 1MI
98.6%
50 • 1LI
93.6%
1000 • 1000MM
93.2%
10 • 1XI
91.8%
1000 • 9MIX
91.6%
1 • 50 • 50ILL
91.6%
501 • 500DID
91%
1 • 500ID
90.2%
1001 • 100MIC
88.8%
1001 • 500MID
88.6%
6 • 500VID
88.5%
1001 • 50MIL
88.4%
501 • 1000DIM
87.8%
6 • 1000VIM
87.5%
51 • 500LID
86%
Formula Word % Correct
1001 • 1000MIM
85%
1001 • 50 • 500MILD
82.7%
501 • 50 • 50DILL
81.7%
1001 • 50 • 50MILL
81.6%
6 • 50 • 50VILL
81.3%
1001 • 501MIDI
80.7%
1 • 1001 • 500IMID
77.4%
5 • 4 • 1 • 500VIVID
77.1%
51 • 6 • 500LIVID
73.3%
1001 • 1001 • 100MIMIC
70.5%
101 • 6 • 100CIVIC
69.4%
1 • 2000 • 9IMMIX
67%
101 • 6 • 50CIVIL
66.1%
6 • 50 • 51VILLI
62.7%

You're not logged in!

Compare scores with friends on all Sporcle quizzes.
Join for Free
OR
Log In

You Might Also Like...

Show Comments

Extras

Top Quizzes Today


Score Distribution

Your Account Isn't Verified!

In order to create a playlist on Sporcle, you need to verify the email address you used during registration. Go to your Sporcle Settings to finish the process.

Report this User

Report this user for behavior that violates our Community Guidelines.

Details: